Statistiques concernant đź“–âś’ Paroles "Chanson d'automne" Verlaine

Cliquez ici pour prendre le quiz!

Statistiques générales

  • Ce quiz a Ă©tĂ© pris 148 fois
  • Le rĂ©sultat moyen est 37 sur 50

Statistiques - réponses

Mots% Correct
D'
99%
De
99%
l'
99%
l'
99%
Ă 
98%
Au
97%
m'
97%
m'
97%
Des
96%
Des
96%
automne
95%
Les
95%
mon
93%
la
92%
une
92%
cœur
91%
violons
87%
longs
86%
sanglots
86%
Monotone.
85%
langueur
81%
je
77%
je
77%
Je
77%
Et
75%
Et
75%
Et
75%
me
73%
en
68%
Feuille
66%
vais
64%
vent
64%
Blessent
63%
Qui
63%
morte.
61%
jours
60%
souviens
59%
mauvais
57%
pleure
57%
anciens
55%
heure,
55%
quand
54%
Sonne
53%
Pareil
52%
Tout
52%
emporte
51%
delĂ ,
49%
blĂŞme,
46%
Deçà,
43%
suffocant
42%

Distribution des résultats

Percentile par nombre de réponses

% des personnes avec chaque résultat

Votre développement - résultats

Vous n’avez pas pris ce quiz